Word Ladder: Internet Funny Quiz Stats

 Plays Quiz Updated Aug 30, 2017

     
Support Sporcle.
Go Orange.
Score 0/15 Timer 02:00
3 Plays Today
Clue 4-Letter Word % Correct
Financial institutionBANK
96.6%
Femur or clavicle, e.g.BONE
95.9%
No longer presentGONE
95.8%
Former Vice President AlGORE
95.6%
Capital of ItalyROME
93.9%
A quite silent clownMIME
89%
Person or thing that ruinsBANE
88.6%
Small skin openingPORE
87.4%
Clue 4-Letter Word % Correct
'___ of the Ancient Mariner'RIME
84.4%
Moist, musty•DANK•
83.1%
Uncommon or uniqueRARE
82.7%
Humorous captioned image•MEME•
81.4%
Trim awayPARE
78.7%
Mechanical, as in a way of memorizingROTE
76.3%
To review on a scaleRATE
74.5%

Today's Daily Dose

From the Vault

Find the Mario Kart Items

by Rackie

Gaming 90s
It's a race to the finish!
Remove Ads.
Support Sporcle.
Get the best of Sporcle when you Go Orange. This ad-free experience offers more features, more stats, and more fun while also helping to support Sporcle. Thank you for becoming a member.

Show Comments

Extras

Top Quizzes Today


Score Distribution

Your Account Isn't Verified!

In order to create a playlist on Sporcle, you need to verify the email address you used during registration. Go to your Sporcle Settings to finish the process.

Report this User

Report this user for behavior that violates our Community Guidelines.

Details: